Rural finance and credit infrastructure in China

Enregistré dans:
Détails bibliographiques
Format: Livre
Langue:anglais
Publié: Paris OECD 2004
Collection:Emerging transition economies
China in the global economy
Sujets:
Tags: Ajouter un tag
Pas de tags, Soyez le premier à ajouter un tag!

MARC

LEADER 00000nam$a2200000$$$4500
001 0017761
005 20240315121212.6
020 |a 92-64-01528-0 
041 0 |a eng 
044 |a FR 
245 1 0 |a Rural finance and credit infrastructure in China 
264 1 |a Paris  |b OECD  |c 2004 
300 |a 389 s. 
490 1 |a Emerging transition economies 
830 0 |a Emerging transition economies 
490 1 |a China in the global economy 
830 0 |a China in the global economy 
610 2 0 |a Čína 
610 2 0 |a financie 
610 2 0 |a vidiek 
610 2 0 |a poľnohospodárstvo 
610 2 0 |a politika finančná 
610 2 0 |a regulácia hospodárska 
610 2 0 |a reformy hospodárske 
610 2 0 |a banky 
610 2 0 |a úverovanie 
610 2 0 |a farmy 
610 2 0 |a OECD